| 000 | 01020nam a2200241 a 4500 | ||
|---|---|---|---|
| 005 | 20180803165357.0 | ||
| 008 | 140129b2002 c k||||| |||| 00| 0 spa d | ||
| 040 | _cCO-BoIH | ||
| 041 | _aspa | ||
| 044 | _ack | ||
| 090 |
_aIAVH _b00984 |
||
| 100 |
_aYepes, Adriana _930471 |
||
| 245 | _aSistematización derivada de los talleres de exploración realizados en los Departamentos de Quindío y Norte de Santander, en el marco del proyecto Ecología Escolar | ||
| 260 |
_aBogotá _bInstituto Alexander von Humboldt _c2002 |
||
| 300 | _a140 p. | ||
| 520 | _aPresenta los resultados de los talleres realizados con el objeto de evaluar los conocimientos, creencias y actitudes que sobre el tema de biodiversidad manejan los docentes de los dos departamentos, teniendo en cuenta tres aspectos: el contextu | ||
| 650 |
_aExploración conceptual _95679 |
||
| 650 |
_aBiodiversidad _992204 |
||
| 650 |
_aConocimiento tradicional _992244 |
||
| 650 |
_aEcología Escolar _95680 |
||
| 942 |
_cINFORME _2z |
||
| 945 | _d2008-08-27 | ||
| 999 |
_c6486 _d6486 |
||